Informe presentado a la vigesima reunión de la comisión de la condición jurídica y social de la mujer de las Naciones Unidas
Kaydedildi:
| Müşterek Yazar: | |
|---|---|
| Materyal Türü: | Kitap |
| Dil: | İspanyolca |
| Baskı/Yayın Bilgisi: |
Washington, D.C
OEA
1967
|
| Konular: | |
| Etiketler: |
Etiketle
Etiket eklenmemiş, İlk siz ekleyin!
|
MARC
| LEADER | 00000nam a2200000 a 4500 | ||
|---|---|---|---|
| 001 | UCS2863 | ||
| 003 | CL-VaPUC | ||
| 005 | 20250122150431.0 | ||
| 008 | 970606e19670000us 1 spa d | ||
| 082 | 0 | 4 | |a 323.3 |b COM |2 21 |
| 110 | 2 | |a Comisión Interamericana de Mujeres |e author |9 618450 | |
| 245 | 1 | 0 | |a Informe presentado a la vigesima reunión de la comisión de la condición jurídica y social de la mujer de las Naciones Unidas |
| 260 | |a Washington, D.C |b OEA |c 1967 | ||
| 300 | |a 38 p | ||
| 583 | |a last modification |c 19970606 00:00:00 |k Rodrigo Vera | ||
| 650 | 0 | 0 | |a Mujeres |9 257649 |
| 650 | 0 | 0 | |a Derechos de la mujer |9 257074 |
| 650 | 0 | 7 | |a EDUCACION DE LA MUJER |2 CL-VaPUC |9 307884 |
| 650 | 0 | 7 | |a IGUALDAD DE DERECHOS DEL HOMBRE Y DE LA MUJER |2 CL-VaPUC |9 338670 |
| 650 | 0 | 0 | |a Desarrollo económico y social |9 256320 |
| 650 | 0 | 7 | |a DERECHOS SOCIALES Y ECONOMICOS |2 CL-VaPUC |9 338286 |
| 650 | 0 | 0 | |a Sufragio femenino |9 337530 |
| 650 | 0 | 0 | |a Derecho privado |9 258243 |
| 942 | |c BK | ||
| 945 | |a lriquelm |d 19970606 00:00:00 | ||
| 546 | |a En Español | ||
| 536 | |a Comisión Interamericana de Mujeres | ||
| 518 | |p Reunión de la Comisión de la Condición Jurídica y Social de la Mujer de las Naciones Unidas, 20, Nueva York, 13 de febrero - 6 de marzo de 1967 | ||
| 999 | |c 382959 |d 382957 | ||
| 952 | |0 0 |1 0 |2 ddc |4 0 |6 323_300000000000000_COM_1967 |7 0 |8 A |9 504918 |a BIBDER |b BIBDER |d 2020-01-23 |i 1865749 |o 323.3 COM 1967 |p 1865749 |r 2023-01-25 |w 2020-01-23 |y MX |k DER | ||